Sex : (Record no. 611893)

MARC details
000 -LEADER
fixed length control field 00494nam a2200193 a 4500
008 - FIXED-LENGTH DATA ELEMENTS--GENERAL INFORMATION
fixed length control field 260211s2010##################000#0#eng##
020 ## - INTERNATIONAL STANDARD BOOK NUMBER
ISBN 9781405122917
082 04 - DEWEY DECIMAL CLASSIFICATION NUMBER
Classification number 306.709
Item number BLA
100 1# - MAIN ENTRY--AUTHOR NAME
Personal name Blanshard, Alastair J. L.,
245 10 - TITLE STATEMENT
Title Sex :
260 ## - PUBLICATION, DISTRIBUTION, ETC. (IMPRINT)
Name of publisher Wiley-Blackwell,
Year of publication 2010.
300 ## - PHYSICAL DESCRIPTION
Number of Pages 236 pages
650 #0 - SUBJECT ADDED ENTRY--TOPICAL TERM
Topical Term Literary Criticism.
942 ## - ADDED ENTRY ELEMENTS (KOHA)
Koha item type English Books
Holdings
Withdrawn status Lost status Damaged status Not for loan Home library Current library Shelving location Date acquired Full call number Accession Number Price effective from Koha item type
        Anna Centenary Library Anna Centenary Library 3RD FLOOR, B WING 11.02.2026 306.709 BLA 132996 11.02.2026 English Books

Find us on the map